LEADER 01943nam0 2200385 450 001 000020326 005 20070831124921.0 010 $a3-11-004674-1$bVol. 1. 010 $a3-11-006798-6$bVol. 2. 100 $a20070831d--------km-y0itaa50------ba 101 0 $ager$agrc 102 $aDE 200 1 $aRepertorium der griechischen christlichen Papyri$eim Namen der Patristischen Arbeitsstelle Münster 210 $aBerlin ; New York$c<> de Gruyter 215 $a2 v.$d24 cm 225 2 $aPatristische Texte und Studien$v18, 42 327 1 $aVol. 1.: Biblische papyri : Altes testament, Neues testament, Varia, Apokryphen / herausgegeben von Kurt Aland. - c1975. - XIV, 473 p.$aVol. 2.: Kirchenväter-Papyri. Teil 1: Beschreibungen (RGCP 2./1) / herausgegeben von Kurt Aland und Hans-Udo Rosenbaum. - c1995. - CXXVIII, 580 p. 410 1$12001$aPatristische Texte und Studien$v18, 42 559 1 $aBiblische papyri: Altes testament, Neues testament, Varia, Apokryphen 559 1 $aKirchenväter-Papyri. Teil 1: Beschreibungen (RGCP 2./1) 606 1 $aManoscritti greci$xPapiri$xBibliografia 676 $a016.22$v(21. ed.)$9Antico Testamento. Bibliografie e codici 702 1$aAland,$bKurt 702 1$aRosenbaum,$bHans-Udo 712 $aPatristische Arbeitsstelle$c 801 0$aIT$bUniversità della Basilicata - B.I.A.$gRICA$2unimarc 912 $a000020326 996 $aRepertorium der griechischen christlichen Papyri$986093 997 $aUNIBAS CAT $aSTD050$b01$c20070831$lBAS01$h1249 CAT $aBATCH$b00$c20180801$lBAS01$h1239 FMT Z30 -1$lBAS01$LBAS01$mBOOK$1BASA1$APolo Storico-Umanistico$2DSLF$BCollezione DiSLF$3DF/6992$66992$5F6992$820070831$eXIV, 473$f98$FConsultazione$hVol. 1. Z30 -1$lBAS01$LBAS01$mBOOK$1BASA1$APolo Storico-Umanistico$2DSLF$BCollezione DiSLF$3DF/6993$66993$5F6993$820070831$eCXXVIII, 580$f98$FConsultazione$hVol. 2. all $aall $n0008301 LEADER 01173nam a2200265 i 4500 001 991000179309707536 008 031212s1999 it 000 0 ita 020 $a8814074216 035 $ab12580983-39ule_inst 040 $aFac. Economia$bita 082 0 $a343.45052 100 1 $aTosi, Loris$0231322 245 13$aLe predeterminazioni normative nell'imposizione reddituale :$bcontributo alla trattazione sistematica dell'imposizione su basi forfettarie /$cLoris Tosi 260 $aMilano :$bGiuffrè,$c1999 300 $axiv, 607 p. ;$c24 cm 440 2$aL'ordinamento tributario italiano 500 $aContiene riferimenti bibliografici 650 4$aImposte sul reddito$xLegislazione 907 $a.b12580983$b02-04-14$c12-12-03 912 $a991000179309707536 945 $aLE025 ECO 343 TOS01.04$g1$i2025000092259$lle025$op$pE41.32$q-$rl$s- $t0$u3$v2$w3$x0$y.i13121017$z02-03-04 945 $aLE027 343.45 TOS01.02$g1$i2027000060115$lle027$o-$pE41.32$q-$rl$s- $t0$u2$v1$w2$x0$y.i13556204$z09-07-04 996 $aPredeterminazioni normative nell'imposizione reddituale$9252524 997 $aUNISALENTO 998 $a(2)le025$ale027$b12-12-03$cm$da $e-$fita$git $h3$i1